00199 a2200097 4500001000700000040001100007100003000018240002500048245002000073300000800093194925 cMagnum aMacedo, Joaquim Manuel de10aLuneta mágicalpor10aLuneta mágica a197